000 00593nam a2200193Ia 4500
003 GCL
008 140319s9999 xx 000 0 ara d
040 _aGCL /
_cGCL
082 0 4 _a811.962
_bم غ
100 1 _aمحمد سيف الدين عليش
245 1 0 _aغنائيات /
_cمحمد سيف الدين عليش
700 1 _aمحمد سيف
300 _a127 ص
490 _aالهيئة العامة للاستعلامات
_v0
650 0 4 _aالادب العربى
650 0 4 _aالشعر العربى - مصر
650 0 4 _aالشعر الغنائى - مصر
942 _2ddc
_cBK
999 _c50912
_d50912